Corporate Practices: Policies, Methodologies, and Insights in Organizational Management International Conference on Entrepreneurship and the Economy in an Era of Uncertainty 2023

Na minha lista:
Detalhes bibliográficos
Autor Corporativo: International Conference on Entrepreneurship and Economy in an Era of Uncertainty
Outros Autores: Hariharasudan, A., ul Haque, Adnan
Formato: Livro
Idioma:inglês
Publicado em: Singapore Springer Nature Singapore 2024
Edição:1st Edition
Assuntos:
Tags: Adicionar Tag
Sem tags, seja o primeiro a adicionar uma tag!

MARC

LEADER 00000nam a2200000 4500
001 0302789
005 20250529141500.8
020 |a 978-981-97-0995-3 
041 0 |a eng 
044 |a SG 
245 1 0 |a Corporate Practices: Policies, Methodologies, and Insights in Organizational Management  |b International Conference on Entrepreneurship and the Economy in an Era of Uncertainty 2023  |c Reviewers: A. Hariharasudan, Adnan ul Haque ... [et al.] 
250 |a 1st Edition 
264 1 |a Singapore  |b Springer Nature Singapore  |c 2024 
300 |a 1051 s. 
610 2 0 |a politika podniková 
610 2 0 |a stratégia podniková 
610 2 0 |a riadenie podnikové 
610 2 0 |a podnikanie 
610 2 0 |a technológie nové 
610 2 0 |a platformy digitálne 
700 1 |a Hariharasudan, A. 
700 1 |a ul Haque, Adnan 
110 2 |a International Conference on Entrepreneurship and Economy in an Era of Uncertainty